000 00558nam a2200193 a 4500
005 20240823063804.0
008 991125s1973 mx 000 0 spa u
035 _aUPN01000029261
049 _aCG
050 4 _aGN273
_bA4.58
100 1 _aAlland, Alexander,
_d1931-
_930621
245 1 3 _aEl imperativo humano /
_cAlexander Alland ; tr. Manuel Arbolí Gazcón.
260 _aMéxico :
_bExtemporáneos,
_c1973.
300 _a215 p.
440 0 _aA pleno sol
650 4 _aConducta (Psicología)
_94460
650 4 _aETNOPSICOLOGIA
_917685
905 _aLibro
999 _c29261
_d29261